Statistics for Irish Players to Win the Champions Leauge

Click here to take the quiz!

General Stats

  • This quiz has been taken 11 times
  • The average score is 4 of 12

Answer Stats

YearPlayerTeam% Correct
1999Roy KeaneManchester United
100%
2008John O'SheaManchester United
70%
1999Dennis IrwinManchester United
60%
1984Ronnie WhelanLiverpool
40%
2005Steve FinnanLiverpool
40%
2019Caoimhín KelleherLiverpool
30%
1977,78Steve HeighwayLiverpool
20%
1984Mark LawrensonLiverpool
10%
1968Tony DunneManchester United
10%
1967Charlie GallagherCeltic
0%
1984Michael RobinsonLiverpool
0%
1968Shay BrennanManchester United
0%

Score Distribution

Percentile by Number Answered

Percent of People with Each Score

Your Score History

You have not taken this quiz